000 00316nam a2200121Ia 4500
008 220216s9999 xx 000 0 und d
245 0 _aMeeting the demands of the market with tyre rubber
260 _bPlanters Bulletin
_c1972
300 _a41-43
650 _aRubber industry
650 _aTyre rubber
942 _cJS
999 _c62814
_d62814